| 000 | 00635nam a2200181 4500 | ||
|---|---|---|---|
| 008 | 051107s1977 ilua b 001 0 eng | ||
| 020 | _a0842308539 :USD4.95 | ||
| 090 |
_aHQ734 _bW46f |
||
| 100 | 1 |
_aWelter, Paul, _d1928- |
|
| 245 | 1 | 0 |
_aFamily problems and predicaments : _bhow to respond / _cby Paul Welter. |
| 260 |
_aWheaton, Ill. : _bTyndale House Publishers, _cc1977. |
||
| 300 |
_a255 p. : _bill. ; _c21 cm. |
||
| 504 | _aIncludes bibliographical references and index. | ||
| 650 | 4 | _aFamily. | |
| 650 | 4 | _aParent and child. | |
| 650 | 4 | _aProblem families. | |
| 951 |
_p28818 _x00031764 _oHQ734/W46f _j070613111525156 _d2000-12-21 _cGC |
||
| 999 |
_c25006 _d25006 |
||